000 00772nam a22002417a 4500
003 UA-OsUOA
001 34900
007 ta
008 20051031b un ||||| |||| 00| 0 ukr d
090 _a94(477+438)
_bП53
942 _cBK
040 _aUA-OsUOA
_bukr
_cUA-OsUOA
_dUA-OsUOA
245 _aПольсько-українські студії
_cВідповід. ред. Головко С.
300 _a262 с.
955 _a1
041 _aukr
080 _a94(477+438)
020 _a5-325-00423-9
260 _aК.
_bЛибідь
_c1993
246 3 1 _aЧ. 1
_nУкраїна-Польща: історична спадщина і суспільна свідомість
650 7 _a9 Географія. Біографії. Історія
_2UDC
999 _c321326
_d321326